Society from the Inside out : Anthropological Perspectives on the South Asian Household (Record no. 1457853)

MARC details
000 -LEADER
fixed length control field 00629nam a2200205Ia 4500
005 - DATE AND TIME OF LATEST TRANSACTION
control field 20250923145947.0
008 - FIXED-LENGTH DATA ELEMENTS--GENERAL INFORMATION
fixed length control field 008 250917s9999 xx 000 0 eng d
037 ## - SOURCE OF ACQUISITION
Stock number Textual
040 ## - CATALOGING SOURCE
Original cataloging agency DSWL
Language of cataloging eng
Transcribing agency DSWL
041 ## - LANGUAGE CODE
Language code of text/sound track or separate title eng
Source of code eng
084 ## - COLON CLASSIFICATION NUMBER
Classification number Y7:1.4.9G, N89
Assigning agency DSWL
245 #0 - TITLE STATEMENT
Title Society from the Inside out : Anthropological Perspectives on the South Asian Household
Statement of responsibility, etc. Ed. by J.N. Gray
260 ## - PUBLICATION, DISTRIBUTION, ETC.
Place of publication, distribution, etc. New Delhi
Name of publisher, distributor, etc. Sage Publication
Date of publication, distribution, etc. 1989
300 ## - PHYSICAL DESCRIPTION
Extent 263 p.
365 ## - TRADE PRICE
Price type code INR
Price amount 300.00
700 ## - ADDED ENTRY--PERSONAL NAME
Personal name D.J. Mearns
9 (RLIN) 840753
925 ## -
-- 300.00
942 ## - ADDED ENTRY ELEMENTS (KOHA)
Koha item type Textual
Classification part Y7:1.4.9G, N89
Holdings
Withdrawn status Lost status Damaged status Not for loan Home library Current library Date acquired Source of acquisition Total Checkouts Full call number Barcode Date last seen Price effective from Koha item type
        Department of Social Work Library Department of Social Work Library 2025-09-23 Ankur Book Distributors   Y7:1.4.9G, N89 SW0026109 2025-09-23 2025-09-23 Textual
Copyright @ Delhi University Library System